Teorie elektromagnetického pole : Příklady

Gespeichert in:
Bibliographische Detailangaben
Hauptverfasser: Pankrác, Vítězslav (Verfasst von), Hazdra, Pavel (Verfasst von), Novotný, Karel (Verfasst von)
Format: Buch
Sprache:Tschechisch
Veröffentlicht: Praha : ČVUT, 2005
Schlagworte:
Tags: Tag hinzufügen
Keine Tags, Fügen Sie das erste Tag hinzu!

MARC

LEADER 00000nam a22000003a 4500
001 stu162696
005 20150716165418.4
008 080505s2005----xr------------------cze-d
020 |a 80-01-03320-1 
040 |a STU  |b slo 
041 0 |a cze 
044 |a xr 
080 |a 537.8(075.8)  |7 stu_us_auth*stu7622 
100 1 |a Pankrác, Vítězslav  |4 aut 
245 1 |a Teorie elektromagnetického pole :  |b Příklady 
260 |a Praha :  |b ČVUT,  |c 2005 
300 |a 180 s 
650 7 |a elektromagnetizmus  |2 stusub 
650 7 |a pole elektromagnetické  |2 stusub 
650 7 |a príklady  |2 stusub 
700 1 |a Hazdra, Pavel  |4 aut 
700 1 |a Novotný, Karel  |4 aut 
996 |b 284M067679  |c M*S-1412-2  |l MMKN  |s A  |a 24  |w stu162696_0001 
996 |b 284M067672  |c M*S-1412-1  |l MMKN  |s A  |a 24  |w stu162696_0002